Restrukturalizace, oživení a záchrana podniku souvislosti právní, daňové, účetní a finanční

Salvato in:
Dettagli Bibliografici
Autore principale: Kratochvílová, Hana
Natura: Libro
Lingua:ceco
Pubblicazione: Praha PROSPEKTRUM 2001
Soggetti:
Tags: Aggiungi Tag
Nessun Tag, puoi essere il primo ad aggiungerne!!

MARC

LEADER 00000nam a2200000 4500
001 c133358
005 20221124104805.6
020 |a 80-7175-087-5 
041 0 |a cze 
044 |a CZ 
245 1 0 |a Restrukturalizace, oživení a záchrana podniku  |b souvislosti právní, daňové, účetní a finanční  |c Hana Kratochvílová a kol. 
264 1 |a Praha  |b PROSPEKTRUM  |c 2001 
300 |a 239 s. 
610 2 0 |a riadenie podnikové 
610 2 0 |a štruktúra podniku organizačná 
610 2 0 |a kríza podniku 
610 2 0 |a cyklus podniku životný 
610 2 0 |a úverovanie 
610 2 0 |a zámery podnikateľské 
610 2 0 |a predpisy právne 
610 2 0 |a Európske spoločenstvá 
610 2 0 |a Česko 
610 2 0 |a právo obchodné 
610 2 0 |a spoločnosti obchodné 
610 2 0 |a vzťahy vlastnícke 
610 2 0 |a vzťahy pracovnoprávne 
610 2 0 |a archívy 
610 2 0 |a vzdelávanie ďalšie 
610 2 0 |a reštrukturalizácia 
610 2 0 |a revitalizácia 
610 2 0 |a zákony 
610 2 0 |a legislatíva 
100 1 |a Kratochvílová, Hana